Estadísticas para Cultura General #10

Haz click aquí para intentar la prueba.

Estadísticas generales

  • Esta prueba ha sido intentada 2.509 veces
  • La puntuación promedio es 9 de 20

Estadísticas de respuestas

PreguntaRespuesta% Correcto
¿Cuál es el color que representa la esperanza?Verde
89%
¿En qué país se originó el café espresso?Italia
82%
¿Qué palabra del idioma inglés se utiliza para hacer referencia a la información que es preciso aceptar o rechazar al entrar ciertos sitios web?
Cookies
70%
¿Cuál es el órgano más pesado del cuerpo humano?Hígado
70%
¿Cuál es el ingrediente principal de hummus?Garbanzo
69%
¿Ulán Bator es la capital de qué país?Mongolia
66%
¿Qué elemento de la tabla periodica se representa con Sn?Estaño
57%
¿En qué ciudad vive un jerosolimitano?Jerusalén
54%
¿Qué país lleva más medallas de los Juegos Olímpicos de Invierno?Noruega
52%
¿Qué término legal prueba que un acusado es inocente por demostrar que en el momento del delito estuvo en otro lugar?
Coartada
50%
¿Qué escritor colombiano se puede considerar uno de los mejores de la literatura española?Gabriel García Márquez
49%
¿Qué ciudad antigua se gobernó por Leónidas?Esparta
48%
¿Cuál es la especie de árbol más alta del mundo?Secuoya roja
48%
Entre el territorio peninsular de España, ¿en qué provincia son el punto más septentrional y el punto más occidental?La Coruña
34%
¿Qué molécula, con la fórmula C12H22O11, se utiliza a menudo en el azúcar??Sacarosa
28%
¿En qué ciudad se rodan Más rápido, más furioso, Sábado gigante (desde 1993), y El Gordo y la Flaca?Miami
20%
¿Cuál es el cultivo más cultivado en Chile por peso y dinero?Uvas
17%
¿La esposa de quién se convirtió en estatua de sal?Lot
15%
¿Cómo se llama la famosa red de trenes mexicanos que migrantes centroamericanos usan para llegar a los EE. UU.?La {Bestia}
14%
¿Qué significa el acrónimo Unasur?Unión de Naciones
Suramericanas
7%

Distribución de puntuación

Porcentaje por número respondido

Porcentaje de gente con cada puntuación

Historial de tus puntuaciones

No has intentado esta prueba.